La educación sexual y la coeducación de los sexos

Uloženo v:
Podrobná bibliografie
Hlavní autor: Lafora, Gonzalo R.
Další autoři: Comas, Margarita
Médium: Kniha
Jazyk:španělština
Vydáno: Buenos Aires. Losada. 1957.
Vydání:2ª ed.
Témata:
Tagy: Přidat tag
Žádné tagy, Buďte první, kdo vytvoří štítek k tomuto záznamu!

MARC

LEADER 00000nam a22000005a 4500
001 16997
003 CL-ChBUA
005 20120815103625.0
008 070301s1957 ag 000 0 spa
040 |a CL-ChBUA  |c CL-ChBUA 
082 0 0 |a 301.41 
090 |c 16997  |d 16997 
100 1 |a Lafora, Gonzalo R. 
245 1 0 |a La educación sexual y la coeducación de los sexos 
250 |a 2ª ed. 
260 |b Losada.  |a Buenos Aires.  |c 1957. 
650 4 |a EDUCACION SEXUAL. 
650 4 |a EDUCACION PARA LA VIDA FAMILIAR. 
700 1 |a Comas, Margarita. 
942 |c LIB 
952 |0 0  |1 0  |4 0  |7 0  |9 23546  |a UNACH  |b UNACH  |c 300  |d 2007-03-05  |i 2.994.  |l 0  |o 301.41 / L 167.  |p 24545  |r 2012-12-27 00:00:00  |u 23546  |w 2012-08-08  |y LIB  |k 301.41 / L 167. 
999 |c 16997  |d 16997